[Event "AUTO-INT-115"]
[Site "http://www.queenalice.com/game.php?id=89112"]
[Date "2006.7.24"]
[Round "1"]
[White "AAmorim"]
[Black "juanito"]
[Result "0-1"]
[WhiteElo "1518"]
[BlackElo "1368"]

1. e4 e6 2. Nc3 Bb4 3. a3 Bxc3 4. dxc3 Qh4 5. Qe2 Nf6 6. g3 Qg4 7. Qxg4 Nxg4 8.
Nf3 O-O 9. Bh3 h5 10. Bxg4 hxg4 11. Nd4 c5 12. Ne2 d5 13. exd5 exd5 14. b4 Nd7
15. Nf4 Re8+ 16. Be3 d4 17. cxd4 cxd4 18. Nd5 Rb8 19. O-O dxe3 20. fxe3 Ne5 21.
Nc3 Nf3+ 22. Kg2 Rxe3 23. Nd5 Re2+ 24. Rf2 Rxf2+ 25. Kxf2 Nxh2 26. Rh1 Nf3 27.
Ne3 f5 28. Rd1 Be6 29. Rd6 Ng5 30. c4 Ne4+ 31. Kg2 Re8 32. c5 Nxd6 33. cxd6 Bd7
34. Kf2 Re6 35. Nc4 b5 36. Ne3 Rxd6 37. Nf1 Rd3 0-1

[Event "AUTO-INT-115"]
[Site "http://www.queenalice.com/game.php?id=89113"]
[Date "2006.7.24"]
[Round "1"]
[White "juanito"]
[Black "AAmorim"]
[Result "1-0"]
[WhiteElo "1275"]
[BlackElo "1524"]

1. e3 d5 2. d4 Nc6 3. Nc3 Nf6 4. Bb5 Bd7 5. Nf3 Bg4 6. h3 Bxf3 7. Qxf3 e6 8. O-O
Qd6 9. Re1 a6 10. Bxc6+ Qxc6 11. e4 dxe4 12. Nxe4 Nxe4 13. Qxe4 Qxe4 14. Rxe4
Bd6 15. d5 O-O 16. dxe6 Rae8 17. exf7+ Rxf7 18. Rxe8+ Rf8 19. Rxf8+ Kxf8 20. f4
Bc5+ 21. Kh2 Bd6 22. Kg3 c5 23. Be3 b5 24. Rd1 Ke7 25. Re1 Ke6 26. Bxc5+ Kd7 27.
Bxd6 1-0

[Event "AUTO-INT-115"]
[Site "http://www.queenalice.com/game.php?id=89128"]
[Date "2006.7.24"]
[Round "1"]
[White "juanito"]
[Black "alexanderarbieto"]
[Result "1-0"]
[WhiteElo "1409"]
[BlackElo "1565"]

1. e3 e5 2. Qh5 Nc6 3. Bb5 Nf6 4. Qg5 h6 5. Qf5 d5 6. Bxc6+ bxc6 7. Qxe5+ Be7 8.
Nf3 O-O 9. O-O Bd6 10. Qd4 Re8 11. Nc3 Be5 12. Nxe5 Qd6 13. f4 c5 14. Qa4 Bd7
15. Nb5 Bxb5 16. Qxb5 d4 17. Qc4 Rab8 18. Qxf7+ Kh7 19. Qg6+ Kg8 20. Qf7+ Kh7
21. exd4 Qxd4+ 22. Kh1 Qd6 23. Qg6+ Kg8 24. Nf7 Qe6 25. Ne5 Re7 26. Re1 Ng4 27.
Qxe6+ Rxe6 28. h3 Nf2+ 29. Kg1 Nxh3+ 30. gxh3 Rb4 31. d3 c4 32. f5 Re7 33. Kf1
cxd3 34. Nxd3 Rxe1+ 35. Kxe1 Rb5 36. f6 gxf6 37. Bxh6 Rxb2 38. Nxb2 1-0

[Event "AUTO-INT-115"]
[Site "http://www.queenalice.com/game.php?id=89129"]
[Date "2006.7.24"]
[Round "1"]
[White "alexanderarbieto"]
[Black "juanito"]
[Result "1-0"]
[WhiteElo "1590"]
[BlackElo "1412"]

1. d4 e6 2. c4 d5 3. Nc3 dxc4 4. e4 Nc6 5. Nf3 Bb4 6. Bxc4 Nf6 7. e5 Bxc3+ 8.
bxc3 Ne4 9. Qd3 f5 10. Nd2 Nxd2 11. Bxd2 O-O 12. O-O h6 13. d5 Nxe5 14. Qd4 Nxc4
15. Qxc4 Qxd5 16. Qxd5 exd5 17. Bf4 c6 18. Rfe1 g5 19. Bd6 Rd8 20. Bc5 b6 21.
Ba3 c5 22. g3 Bd7 23. Re5 d4 24. cxd4 cxd4 25. Rd1 Re8 26. Rxe8+ Rxe8 27. Rxd4
Bc6 28. f4 Re1+ 29. Kf2 Re4 30. Rd6 Ra4 31. Rxc6 Rxa3 32. fxg5 hxg5 33. Rg6+ Kf7
34. Rxg5 Rxa2+ 35. Kf3 Rxh2 36. Rxf5+ Kg6 37. Kg4 Rg2 38. Rd5 a5 39. Rd6+ Kf7
40. Rxb6 a4 41. Ra6 Ra2 42. Kg5 a3 43. g4 Ra1 44. Ra7+ Ke6 45. Kg6 a2 46. Ra5
Kd6 47. g5 1-0

[Event "AUTO-INT-115"]
[Site "http://www.queenalice.com/game.php?id=89130"]
[Date "2006.7.24"]
[Round "1"]
[White "juanito"]
[Black "jyant"]
[Result "0-1"]
[WhiteElo "1431"]
[BlackElo "1385"]

1. e3 Nf6 2. d4 d5 3. Nf3 Nc6 4. Bb5 Bd7 5. O-O a6 6. Bxc6 Bxc6 7. Nc3 e6 8. h3
Bb4 9. Ne5 Bd7 10. Qd3 Bxc3 11. Qxc3 Ne4 12. Qd3 Bb5 13. c4 f6 14. f3 fxe5 15.
fxe4 Bxc4 16. Qd1 Bxf1 17. Qxf1 dxe4 18. dxe5 Qd7 19. b3 O-O-O 20. Bb2 Rhf8 21.
Qc4 Qd2 22. Qxe6+ Kb8 23. Ba3 Rfe8 24. Qc4 Qxe3+ 25. Kh1 Rd4 26. Qf7 Red8 27.
Kh2 R8d7 28. Qf8+ Rd8 29. Qxg7 Qf4+ 30. Qg3 e3 31. e6 Qxg3+ 32. Kh1 Rd1+ 33.
Rxd1 Rxd1# 0-1

[Event "AUTO-INT-115"]
[Site "http://www.queenalice.com/game.php?id=89131"]
[Date "2006.7.24"]
[Round "1"]
[White "jyant"]
[Black "juanito"]
[Result "0-1"]
[WhiteElo "1380"]
[BlackElo "1436"]

1. e4 e6 2. Nf3 d5 3. Nc3 Bb4 4. a3 Bxc3 5. dxc3 Nc6 6. exd5 exd5 7. Qe2+ Qe7 8.
Bg5 Qxe2+ 9. Bxe2 h6 10. Be3 Nf6 11. O-O O-O 12. c4 Re8 13. h3 dxc4 14. Bxc4 Be6
15. Bxe6 Rxe6 16. Rad1 Rd8 17. Bxa7 b6 18. Rxd8+ Nxd8 19. Nd4 Re4 20. Nb3 Nc6
21. f3 Rc4 22. Bxb6 cxb6 23. Rc1 Nd4 24. Nxd4 Rxd4 25. c3 Rd3 26. Kf2 Rd2+ 27.
Ke3 Rxb2 28. Kd4 Rxg2 29. c4 Rg3 30. a4 Rxf3 31. c5 bxc5+ 32. Rxc5 Rxh3 33. a5
Ra3 34. Rc8+ Kh7 0-1

[Event "AUTO-INT-117"]
[Site "http://www.queenalice.com/game.php?id=89628"]
[Date "2006.7.26"]
[Round "1"]
[White "juanito"]
[Black "aarongale"]
[Result "0-1"]
[WhiteElo "1411"]
[BlackElo "1756"]

1. e3 g6 2. d4 Bg7 3. Nf3 c5 4. Bc4 e6 5. O-O Nc6 6. dxc5 Qa5 7. Qd6 Nb4 8. Na3
Nf6 9. c3 Bf8 10. Qe5 Bg7 11. cxb4 Qxb4 12. Bd2 Qa4 13. b3 Qxa3 14. Qc3 O-O 15.
Rfd1 Ne4 16. Qc1 Bxa1 17. Qxa3 Bc3 18. Bxc3 Nxc3 19. Rd2 Ne4 20. Rd3 f6 21. Qa4
h6 22. Bb5 Nxc5 23. Qf4 g5 24. Qd6 Nxd3 25. Qxd3 f5 26. Bxd7 Bxd7 27. Qxd7 Rad8
28. Qxe6+ Rf7 29. Ne5 Rd1# 0-1

[Event "AUTO-INT-117"]
[Site "http://www.queenalice.com/game.php?id=89630"]
[Date "2006.7.26"]
[Round "1"]
[White "juanito"]
[Black "peace"]
[Result "0-1"]
[WhiteElo "1392"]
[BlackElo "1673"]

1. d4 d5 2. e3 f5 3. Nf3 h6 4. Bd3 e6 5. O-O Bd7 6. Ne5 Nf6 7. Nc3 Bd6 8. Ng6
Rg8 9. Nb5 Bxb5 10. Bxb5+ Kf7 11. Nf4 Bxf4 12. exf4 c6 13. Bd3 b5 14. Re1 Re8
15. b3 a5 16. a4 b4 17. c4 Re7 18. cxd5 Qxd5 19. Bc4 Qd6 20. Be2 Nbd7 21. Bc4
Ne4 22. Qh5+ Kf8 23. Qg6 Qxd4 24. Be3 Qf6 25. Qh7 g5 26. fxg5 Rxh7 27. gxf6
Ndxf6 28. Bxe6 h5 29. Bxf5 Re7 30. Bc5 Nxc5 31. Rac1 Rxe1+ 32. Rxe1 Nxb3 33. h3
Nc5 34. g4 hxg4 35. hxg4 b3 36. g5 Nh5 37. Bg6 Nf4 38. Bf5 Re8 39. Rxe8+ Kxe8
0-1

[Event "AUTO-INT-117"]
[Site "http://www.queenalice.com/game.php?id=89631"]
[Date "2006.7.26"]
[Round "1"]
[White "peace"]
[Black "juanito"]
[Result "1-0"]
[WhiteElo "1668"]
[BlackElo "1398"]

1. e3 e5 2. d3 d5 3. Nf3 Nc6 4. Nc3 Bg4 5. Be2 Bb4 6. Bd2 Nf6 7. h3 Bxf3 8. Bxf3
O-O 9. a3 Bxc3 10. Bxc3 d4 11. exd4 exd4 12. Bd2 Re8+ 13. Be2 Qe7 14. c3 Rad8
15. a4 dxc3 16. Bxc3 Nb4 17. O-O Nfd5 18. Bxb4 Nxb4 19. Re1 Qe5 20. b3 Nxd3 21.
Bxd3 Qb2 22. Rxe8+ Rxe8 23. Rb1 Qc3 24. Rc1 Qe5 25. Qf3 c6 26. Qe3 f6 27. Qxe5
Rxe5 28. b4 a6 29. Rd1 Kf7 30. Bxh7 g6 31. Rd7+ Ke6 32. Rxb7 Re4 33. Bxg6 Re1+
34. Kh2 Re2 35. f3 Rb2 36. Bf7+ Kd6 37. h4 a5 38. h5 Rxb4 39. Rxb4 axb4 40. h6
1-0

[Event "AUTO-INT-117"]
[Site "http://www.queenalice.com/game.php?id=89632"]
[Date "2006.7.26"]
[Round "1"]
[White "juanito"]
[Black "Nazgul"]
[Result "1-0"]
[WhiteElo "1339"]
[BlackElo "1430"]

1. d4 e6 2. Nf3 h6 3. e4 c6 4. Nc3 d5 5. exd5 exd5 6. Qe2+ Be7 7. Bf4 Nd7 8.
O-O-O Ngf6 9. Bd6 Ne4 10. Nxe4 dxe4 11. Qxe4 Nf6 12. Qe5 Nd7 13. Qxg7 Rf8 14.
Re1 Nb6 15. Bxe7 Qxe7 16. Rxe7+ Kxe7 17. Qxh6 Bf5 18. Qg5+ Ke6 19. b3 f6 20.
Qe3+ Kf7 21. Bc4+ Kg6 22. Bd3 Nd5 23. Bxf5+ Kxf5 24. Nh4+ Kg4 25. Qe4+ Kg5 26.
Ng6 f5 27. Qe6 Rae8 28. h4+ Kg4 29. Ne5+ Kh5 30. Qg6# 1-0

[Event "AUTO-INT-117"]
[Site "http://www.queenalice.com/game.php?id=89633"]
[Date "2006.7.26"]
[Round "1"]
[White "Nazgul"]
[Black "juanito"]
[Result "1-0"]
[WhiteElo "1433"]
[BlackElo "1403"]

1. c3 e6 2. Qb3 Nf6 3. d4 d5 4. Nf3 a5 5. e3 a4 6. Qb5+ c6 7. Qd3 Bd6 8. h3 O-O
9. Ng5 h6 10. Nf3 Ne4 11. h4 Nd7 12. c4 Bb4+ 13. Bd2 Qa5 14. h5 Bxd2+ 15. Nbxd2
Nxd2 16. Nxd2 dxc4 17. Qxc4 Nf6 18. Rh4 Nxh5 19. Be2 b5 20. Qxc6 Nf6 21. Rc1 Bd7
22. Qc5 Rfc8 23. b4 Rxc5 24. bxa5 Rxc1+ 25. Bd1 Rxa5 26. d5 Nxd5 27. Ne4 b4 28.
Kd2 Rc4 29. Kd3 Bb5 30. Nd6 Rxh4+ 31. Kc2 Nc3 32. Bf3 Nxa2 33. g3 b3+ 34. Kb2
Rh2 35. Ne4 f5 36. Nd6 Rxf2+ 37. Kb1 Rxf3 38. Kb2 Rxe3 39. Ka3 Rd3 40. Nxb5 Rxb5
41. Kxa4 Rbd5 42. Ka3 Nc1 43. Kb2 Rc5 44. Kb1 Ne2 45. Kb2 Rxg3 46. Kb1 Rc2 47.
Ka1 b2+ 48. Kb1 1-0

[Event "AUTO-INT-162"]
[Site "http://www.queenalice.com/game.php?id=103722"]
[Date "2006.9.8"]
[Round "1"]
[White "zechariahsl"]
[Black "juanito"]
[Result "1-0"]
[WhiteElo "1535"]
[BlackElo "1413"]

1. c4 e6 2. d4 d5 3. Nc3 dxc4 4. Bf4 g5 5. Be5 f6 6. Bg3 Nc6 7. e4 Nxd4 8. Bxc4
Bb4 9. Ne2 e5 10. Qa4+ Bd7 11. Qd1 Qe7 12. a3 Bxc3+ 13. Nxc3 c6 14. O-O 1-0

[Event "AUTO-INT-162"]
[Site "http://www.queenalice.com/game.php?id=103723"]
[Date "2006.9.8"]
[Round "1"]
[White "juanito"]
[Black "zechariahsl"]
[Result "0-1"]
[WhiteElo "1402"]
[BlackElo "1546"]

1. d4 d5 2. e3 Nf6 3. Nf3 c6 4. Nc3 Bg4 5. h3 Bh5 6. Be2 Nbd7 7. Ne5 Nxe5 8.
Bxh5 Nc4 9. b3 Nd6 10. O-O g6 11. Be2 e6 12. Bf3 Nf5 13. e4 Nd6 0-1

[Event "AUTO-INT-162"]
[Site "http://www.queenalice.com/game.php?id=103734"]
[Date "2006.9.8"]
[Round "1"]
[White "shtrubi"]
[Black "juanito"]
[Result "1-0"]
[WhiteElo "2180"]
[BlackElo "1398"]

1. e4 d6 2. d4 e6 3. c4 Be7 4. Nc3 Nf6 5. Nf3 O-O 6. Be2 d5 7. Qc2 dxc4 8. O-O
Nc6 9. Rd1 Bb4 10. Bg5 h6 11. Bh4 g5 12. Nxg5 hxg5 13. Bxg5 Bxc3 14. bxc3 Kg7
15. e5 Qd5 16. Bxf6+ Kg8 17. Bf3 Qd7 18. Qd2 Ne7 19. Qg5+ Ng6 20. Qh6 Rd8 21.
Qg7# 1-0

[Event "AUTO-INT-162"]
[Site "http://www.queenalice.com/game.php?id=103735"]
[Date "2006.9.8"]
[Round "1"]
[White "juanito"]
[Black "shtrubi"]
[Result "0-1"]
[WhiteElo "1438"]
[BlackElo "2204"]

1. d4 d5 2. e3 c5 3. dxc5 Nf6 4. Nf3 e6 5. Ne5 Bxc5 6. Bb5+ Nbd7 7. Nc3 O-O 8.
O-O Nxe5 9. f4 Neg4 10. Qf3 Qb6 11. h3 Nxe3 12. Bxe3 Bxe3+ 13. Kh2 d4 14. Nd5
Nxd5 15. a4 Bxf4+ 16. g3 Bd6 17. Rad1 Ne3 18. h4 e5 19. Rde1 Bg4 20. Qe4 f5 21.
Qd3 Nxf1+ 22. Rxf1 e4 23. Qc4+ Kh8 24. Qe6 Bxg3+ 25. Kxg3 Qxe6 26. Rf4 Qg6 27.
Bd7 Bf3+ 28. Kf2 Qg2+ 29. Ke1 Qxc2 30. Rxf3 exf3 0-1